| 000 | 01077nam a22002657a 4500 | ||
|---|---|---|---|
| 005 | 20170124102957.0 | ||
| 010 | _aA-921887 | ||
| 020 | _c100.00 | ||
| 035 | _aA-921887 | ||
| 037 | _bCen Lib/Ret | ||
| 040 |
_aDPL _bHN |
||
| 082 |
_a828 _bयादव |
||
| 100 |
_aयादव, राजेंद्र _953427 |
||
| 245 |
_aकांटे की बात -1 न लिखने का कारण / _cराजेंद्र यादव |
||
| 246 |
_aKante ki baat -1 naa likhne ka kaaran _bby Rajendra Yadav |
||
| 260 |
_aनई दिल्ली _bवाणी प्रकाशन _c1998 |
||
| 270 |
_a21ए -दरिया गंज _b नई दिल्ली _e110002 |
||
| 300 |
_a160पृष्ठ. _c20सेमी(सजिल्द) |
||
| 650 |
_aहिंदी साहित्य _953428 |
||
| 650 |
_aगद्धय साहित्य _953429 |
||
| 650 |
_aHindi Literature _953430 |
||
| 650 |
_aGddhy literature _951233 |
||
| 700 |
_aमायाराम _953319 |
||
| 942 |
_2ddc _cHN _h828 _mयादव |
||
| 999 |
_c113686 _d113686 |
||